| 000 | 00602nmm a2200229 a 4500 | ||
|---|---|---|---|
| 003 | AR-BaBNM | ||
| 005 | 20251128202959.0 | ||
| 008 | 287019s1944 ||||||||||||||000 | spa|| | ||
| 040 | _cAR-BaBNM | ||
| 100 | 1 | _aCaillet-Bois, Teodoro | |
| 245 | 1 | 0 | _aHistoria naval argentina |
| 260 |
_aBuenos Aires _bEmecé _c1944 |
||
| 300 | 0 |
_a552 p. _bil., láms., mapas, tablas |
|
| 650 | 4 | _aHISTORIA MILITAR | |
| 650 | 4 | _aHISTORIA DE LA NAVEGACION | |
| 650 | 4 | _aHISTORIA NAVAL | |
| 650 | 4 | _aHISTORIA DE LA ARMADA | |
| 650 | 4 | _aHISTORIA ARGENTINA | |
| 651 | 4 | _aArgentina | |
| 942 | _cBK | ||
| 998 | _cmariana | ||
| 999 |
_c1353 _d1353 |
||